व्यापम साॅॅल्वड पेपर सामान्य अंग्रेजी 2013 -2021 (Record no. 65823)
[ view plain ]
| 000 -LEADER | |
|---|---|
| fixed length control field | 00536nam a22001577a 4500 |
| 003 - CONTROL NUMBER IDENTIFIER | |
| control field | macl |
| 005 - DATE AND TIME OF LATEST TRANSACTION | |
| control field | 20230129120224.0 |
| 008 - FIXED-LENGTH DATA ELEMENTS--GENERAL INFORMATION | |
| fixed length control field | 230129b |||||||| |||| 00| 0 eng d |
| 040 ## - CATALOGING SOURCE | |
| Transcribing agency | macl |
| 082 ## - DEWEY DECIMAL CLASSIFICATION NUMBER | |
| Classification number | 400 |
| 100 ## - MAIN ENTRY--PERSONAL NAME | |
| Personal name | पुणेकर |
| 245 ## - TITLE STATEMENT | |
| Title | व्यापम साॅॅल्वड पेपर सामान्य अंग्रेजी 2013 -2021 |
| 260 ## - PUBLICATION, DISTRIBUTION, ETC. (IMPRINT) | |
| Place of publication, distribution, etc. | इन्दौर |
| Name of publisher, distributor, etc. | पुणेकर पब्लिकेशन्स |
| Date of publication, distribution, etc. | 2013-2021 |
| 650 ## - SUBJECT ADDED ENTRY--TOPICAL TERM | |
| Topical term or geographic name as entry element | भाषा |
| 942 ## - ADDED ENTRY ELEMENTS (KOHA) | |
| Source of classification or shelving scheme | |
| Koha item type | Hindi Books |
| Withdrawn status | Lost status | Source of classification or shelving scheme | Damaged status | Not for loan | Home library | Current library | Date acquired | Cost, normal purchase price | Total Checkouts | Full call number | Barcode | Date last seen | Price effective from | Koha item type | Date last checked out |
|---|---|---|---|---|---|---|---|---|---|---|---|---|---|---|---|
| MACL | MACL | 29/01/2023 | 660.00 | 400 | GCLC00986 | 29/01/2023 | 29/01/2023 | Hindi Books | |||||||
| MACL | MACL | 29/01/2023 | 660.00 | 3 | 400 | GCLC00985 | 13/04/2025 | 29/01/2023 | Hindi Books | 11/04/2025 | |||||
| MACL | MACL | 29/01/2023 | 660.00 | 2 | 400 | GCLC00987 | 01/04/2025 | 29/01/2023 | Hindi Books | 16/03/2025 | |||||
| MACL | MACL | 29/01/2023 | 660.00 | 1 | 400 | GCLC00988 | 24/03/2023 | 29/01/2023 | Hindi Books | 21/03/2023 | |||||
| MACL | MACL | 29/01/2023 | 660.00 | 400 | GCLC00989 | 29/01/2023 | 29/01/2023 | Hindi Books |









